| 000 | 01343nam a2200265 i 4500 | ||
|---|---|---|---|
| 001 | 175733 | ||
| 003 | ES-MaACL | ||
| 005 | 20240531102432.0 | ||
| 008 | 101118s1964 sp o |||| | spa d | ||
| 080 | _a821.134.2-14"19" | ||
| 100 | 1 |
_aMarco, Joaquín, _d1935-2020 _976466 |
|
| 245 | 1 | 0 |
_aAbrir una ventana a veces no es sencillo / _cJoaquín Marco . _bEscrito en las paredes / Carlos Álvarez . Cancionero del sitiado / Julián Andúgar. |
| 250 | _a1ª ed. | ||
| 260 |
_aBarcelona : _bEl Bardo, _c1964. |
||
| 300 |
_a50 p. ; _c19 cm. |
||
| 490 | 1 |
_aEl Bardo, colección de poesía ; _v11 |
|
| 505 | 8 | _aContiene: Tres poemas / Ángel González ; Gedichte von Bertolt Brecht / con traducciones de Hans Leopold Davi ; Nota necrológica de Luis Cernuda ; Después de la noticia de su muerte / Jaime Gil de Biedma ; Un poema / Pedro López de Ayala ; La poesía de Vicente Aleixandre / José Luis Cano ; Gloria Fuertes y la tierra / Manuel Vázquez ; Poesía catalana del segle XX / Josep María Castellet y Joaquim Molas | |
| 546 | _aTextos en español y alemán. | ||
| 700 | 1 |
_aÁlvarez, Carlos, _d1933-2022 _9142520 |
|
| 700 | 1 |
_aAndúgar, Julián. _921683 |
|
| 830 | 1 |
_aEl Bardo (Batlló, José) ; _v11 _9235922 |
|
| 852 | 4 |
_aES-MaACL _jE-13579 _dOlim: P-361-Ter _9182470 |
|
| 942 | _2udc | ||
| 999 |
_c175733 _d175733 |
||